|
|
|
|
| LEADER |
00618cam a2200193 7i4500 |
| 001 |
0000017608 |
| 005 |
20060605090000.0 |
| 090 |
0 |
0 |
|a EGPT 338.7025
|b KOM
|
| 245 |
0 |
0 |
|a Kompass :
|b Egypt 2005.
|
| 250 |
0 |
0 |
|a 6th ed.
|
| 260 |
0 |
0 |
|a EG-Dokki Gizal:
|b Fiani & Partners Kompass Division,
|c 2005.
|
| 300 |
# |
# |
|a 1026 p.
|
| 500 |
0 |
0 |
|a Company information
|
| 500 |
0 |
0 |
|a Products & services
|
| 650 |
0 |
0 |
|a Business --
|x Directories --
|z Egypt
|
| 650 |
0 |
0 |
|a Exporters --
|x Directories --
|z Egypt
|
| 650 |
0 |
0 |
|a Importers --
|x Directories --
|z Egypt
|
| 651 |
0 |
0 |
|a Egypt
|
| 999 |
|
|
|a B000018802
|b Directories
|c Countries
|e Business Information Centre
|